| 000 | 00647nam a22002057i 4500 | ||
|---|---|---|---|
| 999 |
_c22818 _d22818 |
||
| 003 | AR-CdUCM | ||
| 008 | 240408b20222022pe ||||| |||| 00| 0 spa d | ||
| 040 |
_aMUNICIPALIDAD PROVINCIAL DEL CUSCO _cBIBLIOTECA MUNICIPAL DEL CUSCO |
||
| 082 |
_a869.56 / C75 _bC75 |
||
| 100 |
_aCollado Román, Pilar _949522 |
||
| 245 | _aEl Amor de Pilar / | ||
| 260 |
_aLima : _bKartergraf S.R.L., _c2022 |
||
| 300 |
_a82 Páginas. : _c20 cm. |
||
| 505 | _aEl Amor de Pilar | ||
| 650 |
_aLa llegada de mi hija _949523 |
||
| 650 |
_aMi vida en Venezuela _949524 |
||
| 650 |
_aUna relación traumática _949525 |
||
| 942 |
_2ddc _cLIBROS |
||
| 945 |
_apbj _d08-04-2024 |
||